|
|
|
|
| LEADER |
00000nam0a2200000 4500 |
| 001 |
315684 |
| 005 |
20231102002813.0 |
| 035 |
|
|
|a (RuTPU)RU\TPU\book\341121
|
| 090 |
|
|
|a 315684
|
| 100 |
|
|
|a 20160304d1961 km y0rusy50 ca
|
| 101 |
0 |
|
|a rus
|
| 102 |
|
|
|a RU
|
| 105 |
|
|
|a a z 000zy
|
| 200 |
1 |
|
|a Как рассчитать маломощный силовой трансформатор
|f Н. П. Ермолин
|
| 210 |
|
|
|a Москва
|a Ленинград
|c Госэнергоиздат
|d 1961
|
| 215 |
|
|
|a 52 с.
|c ил.
|
| 225 |
1 |
|
|a Библиотека электромонтера
|v Вып. 33
|
| 606 |
1 |
|
|a Трансформаторы силовые
|x Расчет
|2 stltpush
|3 (RuTPU)RU\TPU\subj\61508
|9 78696
|
| 610 |
1 |
|
|a маломощные трансформаторы
|
| 610 |
1 |
|
|a обмотки
|
| 610 |
1 |
|
|a коэффициент полезного действия
|
| 610 |
1 |
|
|a напряжение
|
| 610 |
1 |
|
|a однофазные трансформаторы
|
| 610 |
1 |
|
|a ремонт
|
| 610 |
1 |
|
|a перемотка
|
| 675 |
|
|
|a 621.314.222.6
|v 4
|
| 700 |
|
1 |
|a Ермолин
|b Н. П.
|g Николай Пантелеймонович
|
| 801 |
|
1 |
|a RU
|b 63413507
|c 20160304
|
| 801 |
|
2 |
|a RU
|b 63413507
|c 20160311
|g RCR
|
| 942 |
|
|
|c BK
|